Southville International School and Colleges
Your cart is empty.
  • Cart
  • Lists
    Public lists Eva Luna New books Lux_list list_1
    Your lists Log in to create your own lists
  • Log in to your account
  • Your cookies
  • Search history
Southville International School and Colleges
  • Advanced search
  • Recent comments
  • Most popular
  • Libraries

Log in to your account

Log in with GOOGLE


If you do not have an external account, but do have a local account, you can still log in:

  1. Home
  2. MARC view: Dinosaur roar! /
Normal view MARC view ISBD view

Dinosaur roar! / (Record no. 35040)

[ view plain ]
MARC details
000 -LEADER
fixed length control field 00822nam a2200301 a 4500
001 - CONTROL NUMBER
control field 83712
003 - CONTROL NUMBER IDENTIFIER
control field OSt
005 - DATE AND TIME OF LATEST TRANSACTION
control field 20140310184522.0
008 - FIXED-LENGTH DATA ELEMENTS--GENERAL INFORMATION
fixed length control field 950123s1994 enka j 000 1 eng d
010 ## - LIBRARY OF CONGRESS CONTROL NUMBER
LC control number 95171047
015 ## - NATIONAL BIBLIOGRAPHY NUMBER
National bibliography number GB95-12653
020 ## - INTERNATIONAL STANDARD BOOK NUMBER
International Standard Book Number 0590603256
035 ## - SYSTEM CONTROL NUMBER
System control number (OCoLC)32017032
040 ## - CATALOGING SOURCE
Original cataloging agency Uk
Transcribing agency Uk
Modifying agency DLC
042 ## - AUTHENTICATION CODE
Authentication code lccopycat
-- lcac
050 ## - LIBRARY OF CONGRESS CALL NUMBER
Classification number PZ 8.3
Item number .S856Di 1995
100 1# - MAIN ENTRY--PERSONAL NAME
Personal name Stickland, Paul.
9 (RLIN) 29832
245 10 - TITLE STATEMENT
Title Dinosaur roar! /
Statement of responsibility, etc Paul & Henrietta Stickland.
260 ## - PUBLICATION, DISTRIBUTION, ETC. (IMPRINT)
Place of publication, distribution, etc Andover, U.K. :
Name of publisher, distributor, etc Ragged Bears,
Date of publication, distribution, etc 1995.
300 ## - PHYSICAL DESCRIPTION
Extent [26] p. :
Other physical details chiefly col. ill. ;
Dimensions 24 x 29 cm.
521 ## - TARGET AUDIENCE NOTE
Target audience note
526 ## - STUDY PROGRAM INFORMATION NOTE
Reading level BR
700 1# - ADDED ENTRY--PERSONAL NAME
Personal name Stickland, Henrietta.
9 (RLIN) 29833
906 ## - LOCAL DATA ELEMENT F, LDF (RLIN)
a 0
b ibc
c copycat
d 3
e ncip
f 19
g y-gencatlg
942 ## - ADDED ENTRY ELEMENTS (KOHA)
Source of classification or shelving scheme Library of Congress Classification
Koha item type
Holdings
Withdrawn status Lost status Source of classification or shelving scheme Damaged status Home library Current library Shelving location Date acquired Total Checkouts Full call number Barcode Date last seen Copy number Price effective from Koha item type Date checked out
    Library of Congress Classification   Luxembourg Library Luxembourg Library Scholastic Reading Center Section 10/16/2013   PZ 8.3 .St856Di 1995 SCHO0824 04/18/2017 1 10/16/2013 Books  
    Library of Congress Classification   Luxembourg Library Luxembourg Library Scholastic Reading Center Section 10/16/2013 1 PZ 8.3 .St856Di 1995 SCHO0823 04/18/2017 2 10/16/2013 Books 02/20/2015

Dinosaur roar! /

APA

Stickland P., Stickland H., . (1995). Dinosaur roar!. Andover, U.K: Ragged Bears.

Chicago

Stickland Paul, Stickland Henrietta, . 1995. Dinosaur roar!. Andover, U.K: Ragged Bears.

Harvard

Stickland P., Stickland H., . (1995). Dinosaur roar!. Andover, U.K: Ragged Bears.

MLA

Stickland Paul, Stickland Henrietta, . Dinosaur roar!. Andover, U.K: Ragged Bears. 1995.

  • Place hold
  • Print
  • Cite
  • Add to your cart (remove)
  • Save record
    BIBTEX Dublin Core MARCXML MARC (non-Unicode/MARC-8) MARC (Unicode/UTF-8) MARC (Unicode/UTF-8, Standard) MODS (XML) RIS
  • More searches
    Search for this title in:
    Other Libraries (WorldCat) Other Databases (Google Scholar) Online Stores (Bookfinder.com) Open Library (openlibrary.org)

Exporting to Dublin Core...

SOUTHVILLE LIBRARY

Southville International School and Colleges Library

1281 Tropical Ave. Cor. Luxembourg St., BF Homes International, Las Pinas City

Tel. No. 8256374 / 252358 Loc. 117/146

Powered by Koha